Cartas desde Stalingrado Alemania y Rusia frente a frente: 1914-1943. Epistolario del general Max Pfeffer

Sparad:
Bibliografiska uppgifter
Huvudupphovsman: Brahm García, Enrique (Författare, medförfattare)
Materialtyp: Bok
Språk:spanska
Publicerad: Santiago Centro de Estudios Bicentenario 2010
Upplaga:1a. ed
Ämnen:
Taggar: Lägg till en tagg
Inga taggar, Lägg till första taggen!

MARC

LEADER 00000cam a2200000 a 4500
001 UCC2728
003 CL-VaPUC
008 180316e20101100cl |||||||||||||||||spa|d
020 |a 9789568979102 
020 |a 97895689790906 
082 0 4 |a 940.55  |b BRA  |2 21 
100 0 |a Brahm García, Enrique  |e author  |9 596730 
245 1 0 |a Cartas desde Stalingrado Alemania y Rusia frente a frente: 1914-1943. Epistolario del general Max Pfeffer 
250 |a 1a. ed 
300 |a 237 p 
942 |c BK 
945 |d 20180316 12:27:00  |a arojas 
260 |a Santiago  |b Centro de Estudios Bicentenario  |c 2010 
650 0 |a Historia de Europa  |9 392003 
650 7 |a HISTORIA DE EUROPA SIGLO 20  |2 CL-VaPUC  |9 319599 
650 7 |a EPISTOLARIO  |2 CL-VaPUC  |9 321776 
650 0 |a Primera Guerra Mundial   |9 373283 
651 0 |a Alemania  |9 255688 
651 0 |a Rusia   |9 256106 
583 |a last modification  |c 20180316 12:27:00  |k Rodrigo Vera 
999 |c 370694  |d 370692 
952 |0 0  |1 0  |3 erb  |4 0  |6 940_550000000000000_BRA_2010  |7 0  |8 A  |9 487275  |a BIBHIS  |b BIBHIS  |i 5456002  |l 1  |o 940.55 BRA 2010  |p 5456002  |r 2025-01-20  |s 2023-06-22  |w 2019-11-24  |y BK  |z Catalogado en:20180316  |k HIS